Southville International School and Colleges
Your cart is empty.
  • Cart
  • Lists
    Public lists Eva Luna New books Lux_list list_1
    Your lists Log in to create your own lists
  • Log in to your account
  • Your cookies
  • Search history
Southville International School and Colleges
  • Advanced search
  • Recent comments
  • Most popular
  • Libraries

Log in to your account

Log in with GOOGLE


If you do not have an external account, but do have a local account, you can still log in:

  1. Home
  2. MARC view: The manager in the international economy /
Normal view MARC view ISBD view

The manager in the international economy / (Record no. 286450)

[ view plain ]
MARC details
000 -LEADER
fixed length control field 01139cam a2200313 a 4500
001 - CONTROL NUMBER
control field 1141907
003 - CONTROL NUMBER IDENTIFIER
control field PILC
005 - DATE AND TIME OF LATEST TRANSACTION
control field 20150610132754.0
008 - FIXED-LENGTH DATA ELEMENTS--GENERAL INFORMATION
fixed length control field 950524s1996 njua b 001 0 eng
010 ## - LIBRARY OF CONGRESS CONTROL NUMBER
LC control number 95004955
020 ## - INTERNATIONAL STANDARD BOOK NUMBER
International Standard Book Number 013232539X
040 ## - CATALOGING SOURCE
Original cataloging agency DLC
Transcribing agency DLC
Modifying agency DLC
050 00 - LIBRARY OF CONGRESS CALL NUMBER
Classification number HD 62.4
Item number .V48 1996
082 00 - DEWEY DECIMAL CLASSIFICATION NUMBER
Classification number 658.1/8
100 1# - MAIN ENTRY--PERSONAL NAME
Personal name Vernon, Raymond,
Dates associated with a name 1913-1999.
245 14 - TITLE STATEMENT
Title The manager in the international economy /
Statement of responsibility, etc Raymond Vernon, Louis T. Wells, Jr., Subramanian Rangan.
250 ## - EDITION STATEMENT
Edition statement 7th ed.
260 ## - PUBLICATION, DISTRIBUTION, ETC. (IMPRINT)
Place of publication, distribution, etc Upper Saddle River, N.J. :
Name of publisher, distributor, etc Prentice Hall,
Date of publication, distribution, etc 1996.
300 ## - PHYSICAL DESCRIPTION
Extent xii, 498 pages :
Other physical details illustrations ;
Dimensions 25 cm.
500 ## - GENERAL NOTE
General note Includes bibliographical references and index.
650 #0 - SUBJECT ADDED ENTRY--TOPICAL TERM
Topical term or geographic name as entry element International business enterprises
General subdivision Management.
650 #0 - SUBJECT ADDED ENTRY--TOPICAL TERM
Topical term or geographic name as entry element International business enterprises
General subdivision Case studies.
650 #0 - SUBJECT ADDED ENTRY--TOPICAL TERM
Topical term or geographic name as entry element International economic relations.
700 1# - ADDED ENTRY--PERSONAL NAME
Personal name Wells, Louis T.
700 1# - ADDED ENTRY--PERSONAL NAME
Personal name Rangan, Subramanian.
906 ## - LOCAL DATA ELEMENT F, LDF (RLIN)
a 7
b cbc
c orignew
d 1
e ocip
f 19
g y-gencatlg
942 ## - ADDED ENTRY ELEMENTS (KOHA)
Source of classification or shelving scheme Library of Congress Classification
Koha item type Books
Holdings
Withdrawn status Lost status Source of classification or shelving scheme Damaged status Home library Current library Shelving location Date acquired Source of acquisition Total Checkouts Full call number Barcode Date last seen Price effective from Koha item type Public note
Withdrawn   Library of Congress Classification   Southville International School Affiliated with Foreign Universities Library Southville International School Affiliated with Foreign Universities Library   06/10/2015 Library Fund   HD 62.4 .V48 1996 SFU2039 05/15/2018 06/10/2015 Books Books donated

The manager in the international economy /

APA

Vernon R., Wells L. T. & Rangan S. (1996). The manager in the international economy. Upper Saddle River, N.J: Prentice Hall.

Chicago

Vernon Raymond, Wells Louis T and Rangan Subramanian. 1996. The manager in the international economy. Upper Saddle River, N.J: Prentice Hall.

Harvard

Vernon R., Wells L. T. and Rangan S. (1996). The manager in the international economy. Upper Saddle River, N.J: Prentice Hall.

MLA

Vernon Raymond, Wells Louis T and Rangan Subramanian. The manager in the international economy. Upper Saddle River, N.J: Prentice Hall. 1996.

  • Print
  • Cite
  • Add to your cart (remove)
  • Save record
    BIBTEX Dublin Core MARCXML MARC (non-Unicode/MARC-8) MARC (Unicode/UTF-8) MARC (Unicode/UTF-8, Standard) MODS (XML) RIS
  • More searches
    Search for this title in:
    Other Libraries (WorldCat) Other Databases (Google Scholar) Online Stores (Bookfinder.com) Open Library (openlibrary.org)

Exporting to Dublin Core...

SOUTHVILLE LIBRARY

Southville International School and Colleges Library

1281 Tropical Ave. Cor. Luxembourg St., BF Homes International, Las Pinas City

Tel. No. 8256374 / 252358 Loc. 117/146

Powered by Koha